000 00798nam a22001937a 4500
005 20210325184511.0
008 s2542 th tha d
041 _atha
090 _aKA83
_bศ365ร 2542 ล.1
245 1 0 _aรวมคำวินิจฉัยศาลรัฐธรรมนูญ ประจำปี 2542 (เล่ม 1)
260 3 _aกรุงเทพฯ :
_bสำนักงานศาลรัฐธรรมนูญ,
_c2542
300 _a591 หน้า ;
_b26 ซม.
650 0 4 _aรัฐธรมนูญ -- คำวินิจฉัย -- 2542
650 0 4 _aศาลรัฐธรรมนูญ -- คำวินิจฉัย -- 2542
850 _aNALT
942 _cREF
997 _c000000000019887
_kVC
998 _aARUNTHIP
999 _c19887
_d19887